Těžká koruna /

Další díl erotické série z prostředí mafie pokračuje příběhem Sebastiana, následníka mafiánské rodiny, a Jeleny, dcery šéfa Bratvy v Chicagu. Jejich rodiny jsou nesmiřitelnými nepřáteli, osud má s těmihle dvěma ale docela jiné plány.

Uloženo v:
Série:Podsvětí Chicaga, část 6
Hlavní autor: Lark, Sophie (Autor)
Další autoři: Milotová, Jana, 1989- (Autor)
Médium: Kniha
Jazyk:Czech
Vydáno: Praha : Dobrovský s.r.o., 2026
Edice:Red (Dobrovský)
Témata:
Celkem bylo vypůjčeno:0x
Příbuzné jednotky:Z cyklu:: Podsvětí Chicaga
Tagy:
Žádné tagy
LEADER 02853cam a2200481 i 4500
001 106320
003 CZ PrSKC
005 20260512150221.0
007 ta
008 260505s2026 xr e 000 f cze d
015 |a cnb003756580 
020 |a 9788027743629  |q (brožováno) :  |c Kč 399,00 
040 |a CBA001  |b cze  |d ABG001  |e rda 
041 1 |a cze  |h eng 
072 7 |a 821.111(73)-3  |x Americká próza  |2 Konspekt  |9 25 
080 |a 821.111(73)-31  |2 MRF 
080 |a (0:82-312.5)  |2 MRF 
080 |a (0:82-993)  |2 MRF 
100 1 |a Lark, Sophie  |7 xx0307235  |4 aut  |9 115598 
240 1 0 |a Heavy crown.  |l Česky 
245 1 0 |a Těžká koruna /  |c Sophie Lark ; přeložila Jana Milotová 
264 1 |a Praha :  |b Dobrovský s.r.o.,  |c 2026 
300 |a 285 stran ;  |c 20 cm 
336 |a text  |b txt  |2 rdacontent 
337 |a bez média  |b n  |2 rdamedia 
338 |a svazek  |b nc  |2 rdacarrier 
490 1 |a Red 
500 |a Přeloženo z angličtiny 
520 2 |a Další díl erotické série z prostředí mafie pokračuje příběhem Sebastiana, následníka mafiánské rodiny, a Jeleny, dcery šéfa Bratvy v Chicagu. Jejich rodiny jsou nesmiřitelnými nepřáteli, osud má s těmihle dvěma ale docela jiné plány.  |b Když Sebastian Gallo zahlédl, jak ji ten chlap cpe do kufru, nemohl tomu uvěřit. Šlo o Jelenu Jeninu, jedinou dceru nejkrutějšího šéfa Bratvy v Chicagu. Bratva nenávidí celou Sebastianovu rodinu a jeho strýčka dokonce upálili zaživa. Měl Jelenu ponechat jejímu osudu, ale ona bojovala jako Valkýra - nádherná, divoká a nezlomná. Sebastian ji musel zachránit. A poté, co to mezi nimi velmi silně zajiskřilo, je mu jasné, že si ji musí také podmanit. Jelena je odhodlaná nepodrobit se žádnému muži. Na druhou stranu ji už ale nebaví být pěšákem v otcově hře. Zatímco jejich rodiny vedou nelítostný boj po celém městě, hýbou figurkami na šachovnici a přísahají si pomstu, Sebastian se rozhodne, že bude zápasit o její srdce a svobodu - ať to stojí, co to stojí. Ví, že jsou si souzeni. A aby to dokázal, dotlačí ji až na hranici jejích možností. Nakladatelská anotace. Kráceno. 
655 7 |a americké romány  |7 fd131796  |2 czenas  |9 53403 
655 7 |a milostné romány  |7 fd132840  |2 czenas  |9 53718 
655 7 |a erotické romány  |7 fd132211  |2 czenas  |9 53580 
655 9 |a American fiction  |2 eczenas 
655 9 |a love novels  |2 eczenas 
655 9 |a erotic novels  |2 eczenas 
700 1 |a Milotová, Jana,  |d 1989-  |7 xx0282530  |4 trl  |9 115599 
710 2 |a Dobrovský (firma)  |7 olak2017946581  |4 pbl  |9 117120 
787 0 8 |i Z cyklu:  |t Podsvětí Chicaga  |g 6 
830 0 |a Red (Dobrovský) 
910 |a UOG502 
942 |2 ddc  |c KN 
999 |d 106320 
993 |0 0  |1 421180107041  |2 ddc  |4 0  |7 0  |9 99693  |b 0  |c 107041  |d 2026-05-12  |e 0  |f DOSP  |h 399.00  |i Koupě  |l DOSP  |r 2026-05-13  |t 6  |w 2026-05-12  |y KN  |z BELET  |n